| 000 | 00951cam a2200301 a 4500 | ||
|---|---|---|---|
| 008 | 100130s2005 maua b 001 0 eng | ||
| 020 | _a061847370x | ||
| 020 | _a9780618473700 | ||
| 040 |
_aDLC _cDLC _dDLC _dEG-GiCUC |
||
| 050 | 0 | 0 |
_aBF121 _b.E83 2005 |
| 082 | 0 | 0 |
_a150 _221 |
| 092 | 0 | 4 |
_a150 _bE787s 2005 _221 |
| 099 |
_a04 _a150 E787s 2005 |
||
| 245 | 0 | 0 |
_aEssentials of psychology / _cDouglas Bernstein ... [et al.]. |
| 250 | _a3rd ed. | ||
| 260 |
_aBoston : _bHoughton Mifflin , _cc2005. |
||
| 300 |
_axxviii, 594, 116 p. : _bill. (some col.) ; _c28 cm. |
||
| 500 | _a"Alternate version ed." | ||
| 504 | _aIncludes bibliographical references (p. A12-A73) and index. | ||
| 650 | 0 | _aPsychology. | |
| 700 | 1 | _aBernstein, Douglas A. | |
| 730 | 0 | _aPsychology. | |
| 902 | _a1 | ||
| 905 |
_aEman _eRev. |
||
| 905 |
_aJamal _eCat. |
||
| 942 |
_2ddc _cBK |
||
| 999 |
_c117324 _d117324 |
||